000 00463nam a2200193Ia 4500
005 20250423094549.0
008 250422s9999 xx 000 0 und d
020 _a0-618-46770-X
050 _aLC2581.B4
100 _aDoug Toft
245 0 _aBecoming a master bstudent
250 _aEleventh Edition
260 _aBoston
260 _bHoughton Mifflin Company
260 _c2006
300 _a414 p
650 _aBecoming a master student
942 _cBK
999 _c27616
_d27616